000 01091nam a22003617a 4500
001 BR7400481
003 BR-BrBNA
005 20230928084519.0
007 ta
008 230509b bl.||||| |||| 00| 0 por d
040 _aBR-BrBNA
_bpor
_cBiblioteca Nacional de Agricultura
041 _a(Por)
072 _aF00; E15
_b0150
_b0430
_b0332
_b1410
_b0120
_b0336
_b0170
_b0331
_b1540
_b/G514
090 _ 0150 BR7400481
110 1 _aServico do Acordo de Classificacao no Estado de Mato Grosso, Cuiaba (Brasil)
_99329
245 1 _aPrincipais produtos da agricultura de Mato Grosso. Numero de hectares plantadas e previsao das safras 71/72, 72/73, 73/74 [Brasil]
260 3 _aCuiaba, MT (Brasil):
_c[nd].
300 _a39 p.
500 _aNumerical data; Published 1971?
650 _aARROZ
650 _aALGODAO
650 _aAMENDOIM
650 _aFEIJAO
650 _aMILHO
650 _aSOJA
650 _aSORGO
650 _aMAMONA
650 _aMANDIOCA
650 _aPREVISAO DE SAFRA
650 _aMATO GROSSO
909 _a202309
_bLucia
_c55
_dLucia Elande
942 _cBK
999 _c19459
_d19459